000 00945nas a2200313 4500
001 BR0603945
003 BR-BrBNA
005 20231205110310.0
007 ta
008 230509b bl.|||p| |||| 00| 00por d
040 _aBR-BrBNA
_bpor
_cBiblioteca Nacional de Agricultura
041 _a(Pt)
072 _aL02; L52
100 1 _aAlta, M.F.
100 1 _aFischer, V.
100 1 _aStumpf Júnior, W.
245 1 _aEfeitos dos níveis de extrato etéreo no sucedâneo do leite sobre o desenvolvimento corporal de bezerros Jersey
650 _aGADO JERSEY
650 _aBEZERRO
650 _aLEITE
650 _aEXTRATO ETÉREO
650 _aDIETA
650 _aCONDIÇÃO CORPORAL
650 _aPERFORMANCE
650 _aGANHO DE PESO
773 0 _tRevista Brasileira de Zootecnia (Brazil)
_xISSN 1516-3598
_g(Jan-Feb 2006), v. 35(1) p. 193-202
_wBR0603945
909 _a202311
_bLúcia
_c55
_dLúcia Elande
942 _2AGRIS
_n0
_cANA
999 _c186875
_d186875